| 000 | 00666nam a22001817a 4500 | ||
|---|---|---|---|
| 003 | NUST | ||
| 005 | 20260119155435.0 | ||
| 082 | _a621.382,HAI | ||
| 100 |
_aHaider, Ibrahim _9132833 |
||
| 245 |
_aMultilayer security system using RFID, FR & Biometric / _cIbrahim Haider, Mohsin Saleem, Mansoor Ahmad and Saeed Ahmad (BETE-50) |
||
| 260 |
_aRawalpindi _bMCS (NUST) _cJune, 2017 |
||
| 300 | _avii,43 p.; | ||
| 505 | _aIntroduction (Page-2), Background Study (Page-3), Design (Page-4), Future Work (Page-15), Conclusion (Page-15). | ||
| 650 |
_aUG Project _9131132 |
||
| 651 |
_aBETE-50 _9132811 |
||
| 700 |
_aSupervised by Dr. Adil Masood _9132184 |
||
| 942 |
_2ddc _cPR |
||
| 999 |
_c615861 _d615861 |
||